Southville International School and Colleges
Your cart is empty.
  • Cart
  • Lists
    Public lists Eva Luna New books Lux_list list_1
    Your lists Log in to create your own lists
  • Log in to your account
  • Your cookies
  • Search history
Southville International School and Colleges
  • Advanced search
  • Recent comments
  • Most popular
  • Libraries

Log in to your account

Log in with GOOGLE


If you do not have an external account, but do have a local account, you can still log in:

  1. Home
  2. MARC view: Integrative CBT for anxiety disorders :
Normal view MARC view ISBD view

Integrative CBT for anxiety disorders : (Record no. 295578)

[ view plain ]
MARC details
000 -LEADER
fixed length control field 01428cam a22003138i 4500
001 - CONTROL NUMBER
control field 18649476
003 - CONTROL NUMBER IDENTIFIER
control field SISC
005 - DATE AND TIME OF LATEST TRANSACTION
control field 20160602144700.0
008 - FIXED-LENGTH DATA ELEMENTS--GENERAL INFORMATION
fixed length control field 150605s2016 enk b 001 0 eng c
010 ## - LIBRARY OF CONGRESS CONTROL NUMBER
LC control number 2015021084
020 ## - INTERNATIONAL STANDARD BOOK NUMBER
International Standard Book Number 9781118509920 (cloth)
040 ## - CATALOGING SOURCE
Original cataloging agency WaSeSS/DLC
Language of cataloging eng
Transcribing agency WaSeSS
Description conventions rda
Modifying agency DLC
042 ## - AUTHENTICATION CODE
Authentication code pcc
050 00 - LIBRARY OF CONGRESS CALL NUMBER
Classification number RC 531
Item number .Al43 2016
082 00 - DEWEY DECIMAL CLASSIFICATION NUMBER
Classification number 616.85/2206
100 1# - MAIN ENTRY--PERSONAL NAME
Personal name Alladin, Assen,
Relator term author.
245 10 - TITLE STATEMENT
Title Integrative CBT for anxiety disorders :
Remainder of title an evidence-based approach to enhancing cognitive behavioral therapy with mindfulness and hypnotherapy /
Statement of responsibility, etc Assen Alladin.
260 ## - PUBLICATION, DISTRIBUTION, ETC. (IMPRINT)
Place of publication, distribution, etc UK :
Name of publisher, distributor, etc John Wiley & Sons,
Date of publication, distribution, etc 2016.
263 ## - PROJECTED PUBLICATION DATE
Projected publication date 1601
300 ## - PHYSICAL DESCRIPTION
Extent xv, 324 pages ;
Dimensions cm
500 ## - GENERAL NOTE
General note Includes bibliographical references and index.
505 0# - FORMATTED CONTENTS NOTE
Formatted contents note An integrative approach for understanding and treating anxiety disorders -- Integrated therapy for anxiety disorders -- Social anxiety disorder (social phobia) -- Specific phobia -- Panic disorder -- General anxiety disorder -- Agoraphobia -- Separation anxiety disorder -- Selective mutism.
650 #0 - SUBJECT ADDED ENTRY--TOPICAL TERM
Topical term or geographic name as entry element Anxiety disorders
General subdivision Treatment.
650 #0 - SUBJECT ADDED ENTRY--TOPICAL TERM
Topical term or geographic name as entry element Cognitive therapy.
776 08 - ADDITIONAL PHYSICAL FORM ENTRY
Display text Online version:
Main entry heading Alladin, Assen, author.
Title Integrative CBT for anxiety disorders
Place, publisher, and date of publication Chichester, UK : John Wiley & Sons, 2016
International Standard Book Number 9781118509883
Record control number (DLC) 2015023162
906 ## - LOCAL DATA ELEMENT F, LDF (RLIN)
a 7
b rix
c orignew
d 1
e ecip
f 20
g y-gencatlg
942 ## - ADDED ENTRY ELEMENTS (KOHA)
Source of classification or shelving scheme Library of Congress Classification
Koha item type Books
Holdings
Withdrawn status Lost status Source of classification or shelving scheme Damaged status Home library Current library Shelving location Date acquired Source of acquisition Cost, normal purchase price Sub Shelving location Total Checkouts Total Renewals Full call number Barcode Date last seen Date checked out Price effective from Koha item type
    Library of Congress Classification   College Library College Library Graduate Section 06/02/2016 Library Fund 4501.00   3 1 RC 531 .Al43 2016 C20581 12/04/2020 11/24/2020 06/02/2016 Books

Integrative CBT for anxiety disorders :

APA

Alladin A., . (2016). Integrative CBT for anxiety disorders. UK: John Wiley & Sons.

Chicago

Alladin Assen, . 2016. Integrative CBT for anxiety disorders. UK: John Wiley & Sons.

Harvard

Alladin A., . (2016). Integrative CBT for anxiety disorders. UK: John Wiley & Sons.

MLA

Alladin Assen, . Integrative CBT for anxiety disorders. UK: John Wiley & Sons. 2016.

  • Place hold
  • Print
  • Cite
  • Add to your cart (remove)
  • Save record
    BIBTEX Dublin Core MARCXML MARC (non-Unicode/MARC-8) MARC (Unicode/UTF-8) MARC (Unicode/UTF-8, Standard) MODS (XML) RIS
  • More searches
    Search for this title in:
    Other Libraries (WorldCat) Other Databases (Google Scholar) Online Stores (Bookfinder.com) Open Library (openlibrary.org)

Exporting to Dublin Core...

SOUTHVILLE LIBRARY

Southville International School and Colleges Library

1281 Tropical Ave. Cor. Luxembourg St., BF Homes International, Las Pinas City

Tel. No. 8256374 / 252358 Loc. 117/146

Powered by Koha